000
00243 a2200097 4500
001
52962
100
_a
Wild, R
245
_a
Production Operations Management Principles & Techniques
260
_a
London
_b
Holt Reinho
_c
090
_c
33292
_d
33292
942
_a
NUST-CAE
_c
M
_c
25883
999
_c
288035
_d
288035